000 00462nam a22001697a 4500
999 _c6228
_d6226
005 20210826115108.0
008 200517b xxu||||| |||| 00| 0 eng d
020 _a9788123925202
041 _aeng
082 _a615.1 JAG
100 _aJAGGI, AMTESHUAR
_95424
245 _aViva -voice in Experimental pharmacology
_cAmteshuar Jaggi
250 _a1'st
260 _aNew Dewlhi
_bCBS Publishers and distributors
_c2019
650 _aPharmacy
_96712
942 _cBK